000 01503nam a22001937a 4500
003 IT-RoPau
005 20220918175936.0
008 121206b xxu||||| |||| 00| 0 eng d
040 _cIT-RoPau
100 _aAlberione Giacomo
_qFondatore Famiglia Paolina
_919
245 _aGiacomo Alberione un uomo, un idea.
_bVolume Secondo 1923-1945
250 _aI
260 _aRoma
_bSSP
_c1988
300 _a270 p.
_c21,2 cm
490 _aArchivio Storico Generale della Famiglia Paolina
_v2° v.
500 _aVITA E OPERE del Fondatore della Famiglia Paolina
520 _aINDICE Chi è Don Giacomo Alberione? Indole, scopo e limiti di questa biografia Spiegazione di alcune Sigle Capitolo I. L' IDEA INIZIALE SI CHIARIFICA E CONCRETIZZA Capitolo II LA SOFFERENZA LINFA NECESSARIA PER LA CRESCITA Capitolo III MERAVIGLIOSO MOLTIPLICARSI DI INIZIATIVE APOSTOLICHE Capitolo IV LA PIA SOCIETA' SAN PAOLO ERETTA IN CONGREGAZIONE RELIGIOSA Capitolo V LE FIGLIE DI SAN PAOLO DIVENTANO CONGREGAZIONE RELIGIOSA Capitolo VI IL PAOLINO PREDICA IL VANGELO CON LA SUA REDAZIONE Capitolo VII IL PAOLINO PREDICA IL VANGELO CON LA SUA REDAZIONE Capitolo VII VOLERE O NO IL MONDO E' NOSTRO Capitolo VIII ANDATE NEL MONDO A PREDICARE IL VANGELO Capitolo IX FARE FUOCO CON LA LEGNA VERDE Capitolo X LA DIFFICILE PROVA DELLA GUERRA Capitolo XI SI GIUNGE ALLA PRIMA APPROVAZIONE PONTIFICIA Capitolo XII FERVORE GIOVANILE DI DON ALBERIONE SESSANTENNE Indice generale del secondo volume
942 _2ddc
_cBK
999 _c37614
_d37614